| 000 | 01598cam a2200337 a 4500 | ||
|---|---|---|---|
| 001 | 13050468 | ||
| 005 | 20030806082251.0 | ||
| 008 | 030107s2003 njua b 001 0 eng | ||
| 010 | _a 2003265331 | ||
| 020 | _a013061775X | ||
| 040 |
_aDLC _cDLC |
||
| 050 | 0 | 0 |
_aQA76.8.I29 _bM37 2003 |
| 100 | 1 | _aMazidi, Muhammad Ali. | |
| 245 | 1 | 4 |
_aThe 80x86 IBM PC and compatible computers. _nVolumes I & II. _pAssembly language, design, and interfacing / _cMuhammad Ali Mazidi, Janice Gillespie Mazidi. |
| 246 | 1 | 4 | _a80x86 IBM PC and compatible computers |
| 246 | 3 | 0 | _aAssembly language, design, and interfacing |
| 250 | _a4th ed. | ||
| 260 |
_aUpper Saddle River, N.J. : _bPrentice Hall, _cc2003. |
||
| 300 |
_axxxvii, 984 p. : _bill. ; _c29 cm. |
||
| 504 | _aIncludes bibliographical references (p. 967) and index. | ||
| 650 | 0 |
_aIntel 80x86 series microprocessors _xProgramming. |
|
| 650 | 0 |
_aIBM microcomputers _xProgramming. |
|
| 650 | 0 |
_aIBM-compatible computers _xProgramming. |
|
| 650 | 0 | _aAssembler language (Computer program language) | |
| 700 | 1 |
_aMazidi, Janice Gillispie. _cjoint author |
|
| 906 |
_a7 _bcbc _corigcop _d2 _encip _f20 _gy-gencatlg |
||
| 942 |
_2lcc _cBK |
||
| 999 |
_c40305 _d40305 |
||